| 000 | 00975cam a2200277 a 4500 | ||
|---|---|---|---|
| 999 |
_c129825 _d129825 |
||
| 001 | 17288617 | ||
| 003 | ARRUPE | ||
| 005 | 20190910102803.0 | ||
| 008 | 120507s2011 nyu 000 0ceng | ||
| 010 | _a 2011292807 | ||
| 020 | _a9780307744531 (pbk.) | ||
| 040 |
_aDLC _cDLC |
||
| 042 | _apcc | ||
| 043 | _an-mx--- | ||
| 050 | 0 | 0 |
_aHQ562 _b.L38 1961 |
| 082 | 0 | 0 | _a309.172 |
| 100 | 1 |
_aLewis, Oscar, _d1914-1970. _948105 |
|
| 245 | 1 | 4 |
_aThe children of Sánchez : _bautobiofraphy of a Mexican family / _cOscar Lewis ; |
| 250 | _a2nd Vintage Books ed., 50th anniversary ed. | ||
| 260 |
_aMiddlesex : _bPenguin Books, _c1961. |
||
| 300 |
_axxx, 506 p. ; _c19 cm. |
||
| 650 | 0 |
_aFamilies _zMexico _vCase studies. _948106 |
|
| 651 | 0 |
_aMexico _xSocial conditions. _948107 |
|
| 651 | 0 |
_aMexico (city) _xPoor _948108 |
|
| 906 |
_a7 _bcbc _corignew _d3 _encip _f20 _gy-gencatlg |
||
| 942 |
_2lcc _cMONOGRAPH |
||